Progresistas y demócratas (Record no. 168422)

MARC details
000 -LEADER
campo de control de longitud fija 00815nam a2200217 i 4500
001 - NÚMERO DE CONTROL
campo de control 168422
003 - IDENTIFICADOR DE NÚMERO DE CONTROL
campo de control ES-MaACL
005 - FECHA Y HORA DE LA ÚLTIMA TRANSACCIÓN
campo de control 20250918063042.0
008 - DATOS DE LONGITUD FIJA--INFORMACIÓN GENERAL
campo de control de longitud fija 080408s1865 sp |||| | spa d
080 ## - NÚMERO DE LA CLASIFICACIÓN DECIMAL UNIVERSAL
Número de la Clasificación Decimal Universal 329(460)
080 ## - NÚMERO DE LA CLASIFICACIÓN DECIMAL UNIVERSAL
Número de la Clasificación Decimal Universal 94(460)"1843/68"
100 1# - ENTRADA PRINCIPAL--NOMBRE DE PERSONA
Nombre de persona Rubio, Carlos,
Fechas asociadas al nombre 1833-1871
9 (RLIN) 132152
245 10 - MENCIÓN DEL TÍTULO
Título Progresistas y demócratas
Resto del título : cómo y para qué se han unido : ¿pueden constituir una sola comunión en lo futuro? /
Mención de responsabilidad, etc. por Carlos Rubio.
260 ## - PUBLICACIÓN, DISTRIBUCIÓN, ETC.
Lugar de publicación, distribución, etc. Madrid :
Nombre del editor, distribuidor, etc. [s.n.],
Fecha de publicación, distribución, etc. 1865 (
Fabricante Imp. de La Iberia, a cargo de José de Rojas)
300 ## - DESCRIPCIÓN FÍSICA
Extensión 22 p. ;
Dimensiones 19 cm.
610 24 - PUNTO DE ACCESO ADICIONAL DE MATERIA--NOMBRE DE ENTIDAD CORPORATIVA
Nombre de entidad corporativa o nombre de jurisdicción como elemento de entrada Partido Progresista (España)
9 (RLIN) 6149
610 24 - PUNTO DE ACCESO ADICIONAL DE MATERIA--NOMBRE DE ENTIDAD CORPORATIVA
Nombre de entidad corporativa o nombre de jurisdicción como elemento de entrada Partido Democrático (España)
9 (RLIN) 161671
651 #4 - PUNTO DE ACCESO ADICIONAL DE MATERIA--NOMBRE GEOGRÁFICO
Nombre geográfico España-
Subdivisión general Historia-
Subdivisión geográfica 1843-1868, Isabel II
9 (RLIN) 8256
852 ## - LOCALIZACIÓN
Ubicación ES-MaACL
Número de control de estantería T-1445-F-11
Holdings
Estatus retirado Estado de pérdida Estado de daño No para préstamo Colección Biblioteca de origen Biblioteca actual Ubicación en estantería Fecha de adquisición Fuente de adquisición Total de préstamos Signatura topográfica completa Código de barras Visto por última vez Precio de reemplazo Tipo de ítem Koha
        Colección de folletos Biblioteca del Ateneo de Madrid Biblioteca del Ateneo de Madrid Depósito folletos 08/04/2008     T-1445-F-11 1176718 23/02/2023 23/02/2023 Folleto